000 00277nam a2200109Ia 4500
008 220204s9999 xx 000 0 und d
082 _a065.01
_bSTE
100 _aRosemary
245 0 _aReality of organizations: A guide for managers
260 _aLondon
_bPan
_c1970
942 _cBK
999 _c25051
_d25051